书目信息 |
| 题名: |
发现孩子的爱之光
|
|
| 作者: | 麦克法兰 著 ;张香兰 译 | |
| 分册: | ||
| 出版信息: | 北京 团结出版社 2019.01 |
|
| 页数: | 135页 | |
| 开本: | 29cm | |
| 丛书名: | ||
| 单 册: | ||
| 中图分类: | G611 | |
| 科图分类: | ||
| 主题词: | 爱的教育--ai de jiao yu--学前教育--教学参考资料 | |
| 电子资源: | ||
| ISBN: | 978-7-5126-4064-1 | |
| 000 | 01318nam0 2200289 450 | |
| 001 | 0109110023 | |
| 005 | 20201109110331.0 | |
| 010 | @a978-7-5126-4064-1@dCNY48.00 | |
| 100 | @a20190731d2019 em y0chiy50 ea | |
| 101 | 1 | @achi@ceng |
| 102 | @aCN@b110000 | |
| 105 | @aa az 000yy | |
| 106 | @ar | |
| 200 | 1 | @a发现孩子的爱之光@Afa xian hai zi de ai zhi guang@e培养孩子和平共处能力的活动@f(美)桑妮·麦克法兰著@g张香兰译 |
| 210 | @a北京@c团结出版社@d2019.01 | |
| 215 | @a135页@c图@d29cm | |
| 312 | @a封面英文题名:Honoring the light of the child: activities to nurture peaceful living skills in young children | |
| 320 | @a有书目(第133页) | |
| 330 | @a全书以著名儿童教育学家蒙台梭利的教育理论为指导和主线,通过“心智训练”、“身体训练”、“情绪训练”等部分,来培养和训练学前儿童感受爱、学会爱、表达爱,及与人和环境和平共处的能力。 | |
| 510 | 1 | @aHonoring the light of the child@eactivities to nurture peaceful living skills in young children@zeng |
| 517 | 1 | @a培养孩子和平共处能力的活动@Apei yang hai zi he ping gong chu neng li de huo dong |
| 606 | 0 | @a爱的教育@Aai de jiao yu@x学前教育@j教学参考资料 |
| 690 | @aG611@v5 | |
| 701 | 1 | @c(美)@a麦克法兰@Amai ke fa lan@gMcFarland, Sonnie@4著 |
| 702 | 0 | @a张香兰@AZhang Xiang Lan@4译 |
| 801 | 0 | @aCN@bBJSZM@c20201103 |
| 905 | @b1263921-5@dG611@e1414@f5 | |
| 发现孩子的爱之光:培养孩子和平共处能力的活动/(美)桑妮·麦克法兰著/张香兰译.-北京:团结出版社,2019.01 |
| 135页:图;29cm |
| ISBN 978-7-5126-4064-1:CNY48.00 |
| 全书以著名儿童教育学家蒙台梭利的教育理论为指导和主线,通过“心智训练”、“身体训练”、“情绪训练”等部分,来培养和训练学前儿童感受爱、学会爱、表达爱,及与人和环境和平共处的能力。 |
| ● |
| 相关链接 |
|
|
|
|
正题名:发现孩子的爱之光
索取号:G611/1414
 
预约/预借
| 序号 | 登录号 | 条形码 | 馆藏地/架位号 | 状态 | 备注 |
| 1 | 1263921 | 212639215 | 第一样本阅览室/ [索取号:G611/1414] | 在馆 | |
| 2 | 1263922 | 212639224 | 教育系资料室/ [索取号:G611/1414] | 在馆 | |
| 3 | 1263923 | 212639233 | 教育系资料室/ [索取号:G611/1414] | 在馆 | |
| 4 | 1263924 | 212639242 | 第四借阅区/ [索取号:G611/1414] | 在馆 | |
| 5 | 1263925 | 212639251 | 第四借阅区/ [索取号:G611/1414] | 在馆 |